| 000 | 01227cam a2200217 4500 | ||
|---|---|---|---|
| 001 | ABS64574 | ||
| 008 | 010920n2001 000 0 eng u | ||
| 035 | _a(Sirsi) u114668 | ||
| 245 | _aNotting Hill Housing Trust v Brackley and another | ||
| 260 | _c2001 | ||
| 490 |
_aEstates Gazette _v[2001] 35 EG 106-110(5) |
||
| 520 | _aCA 24 April 2001. A and B held a joint tenancy. A left the premises and served a notice to quit on landlord (C). C commenced possession proceedings on B. B claimed A was in breach of Trusts of Land and Appointment of Trustees Act 1996 s11, and thus that the notice to quit was void. Judge held notice to quit was valid. B appealed, contending that under s11 the service of a notice to quit was the exercise of a function that required consultation between joint tenants. Held that the 1996 Act had not affected the Law of Property Act 1925 s26. Appeal dismissed. | ||
| 590 | _aABS | ||
| 650 | _aLAW OF PROPERTY ACT 1925 S26 | ||
| 650 | _aTRUSTS OF LAND AND APPOINTMENT OF TRUSTEES ACT 1996 | ||
| 650 | _aNOTTING HILL HOUSING TRUST V BRACKLEY | ||
| 650 | _aNOTICE TO QUIT | ||
| 650 | _aJOINT TENANCIES | ||
| 690 | _aLANDLORD AND TENANT-RESIDENTIAL TENANCIES-CASE LAW | ||
| 942 | _n0 | ||
| 999 |
_c68322 _d68322 |
||